Т. 2; Электроника и схемотехника

Detalles Bibliográficos
Parent link:Электроника и схемотехника: учебник для академического бакалавриата/ О. П. Новожилов; Московский государственный индустриальный университет (МГИУ). Т. 2.— , 2015.— 978-5-9916-4182-1
Summary:В учебнике представлен материал для изучения электронных устройств с различными функциональными назначениями, элементной базой, принципом действия и областью применения. Представленный материал отражает совре­менное состояние и тенденции развития полупроводниковой электроники и схемотехники. Изложены основы физики полупроводников, рассмотрены основ­ные типы полупроводниковых приборов, приведены их характеристики и схемные модели. При рассмотрении функциональных узлов главное внимание уделено принципам их построения и работы, а также основным характеристикам.В учебник включен материал по актуальным вопросам, которым в отечествен­ной учебной литературе практически не уделено внимания. К ним относится материал по устройствам на переключаемых конденсаторах, бесфильтровым умножителям частоты, устройствам на синтезированных нелинейных реактив­ных элементах и ферромагнитных элементах с ортогональным управлением.Издание состоит из двух томов. Во втором томе излагаются вопросы схемо­техники цифровых и аналого-цифровых устройств.Учебник соответствует актуальным требованиям Федерального госу­дарственного образовательного стандарта высшего образования.Для студентов технических направлений подготовки бакалавров, магистров и дипломированных специалистов, изучающих полупроводниковую электронику и схемотехнику, а также для преподавателей вузов.
Idioma:ruso
Publicado: 2015
Subjects:
Formato: MixedMaterials Libro
KOHA link:https://koha.lib.tpu.ru/cgi-bin/koha/opac-detail.pl?biblionumber=284268

MARC

LEADER 00000nam2a2200000 4500
001 284268
005 20231101235658.0
010 |a 9785991641845 
035 |a (RuTPU)RU\TPU\book\308420 
035 |a RU\TPU\book\299121 
090 |a 284268 
100 |a 20150213d2015 m y0rusy50 ca 
101 0 |a rus 
102 |a RU 
105 |a a j 001zy 
200 0 |a Т. 2 
210 |d 2015 
215 |a 421 с.  |c ил. 
320 |a Библиогр.: с. 414-418. 
320 |a Предметный указатель: с. 419-421. 
320 |a Список сокращений: с. 6-7. 
330 |a В учебнике представлен материал для изучения электронных устройств с различными функциональными назначениями, элементной базой, принципом действия и областью применения. Представленный материал отражает совре­менное состояние и тенденции развития полупроводниковой электроники и схемотехники. Изложены основы физики полупроводников, рассмотрены основ­ные типы полупроводниковых приборов, приведены их характеристики и схемные модели. При рассмотрении функциональных узлов главное внимание уделено принципам их построения и работы, а также основным характеристикам.В учебник включен материал по актуальным вопросам, которым в отечествен­ной учебной литературе практически не уделено внимания. К ним относится материал по устройствам на переключаемых конденсаторах, бесфильтровым умножителям частоты, устройствам на синтезированных нелинейных реактив­ных элементах и ферромагнитных элементах с ортогональным управлением.Издание состоит из двух томов. Во втором томе излагаются вопросы схемо­техники цифровых и аналого-цифровых устройств.Учебник соответствует актуальным требованиям Федерального госу­дарственного образовательного стандарта высшего образования.Для студентов технических направлений подготовки бакалавров, магистров и дипломированных специалистов, изучающих полупроводниковую электронику и схемотехнику, а также для преподавателей вузов. 
461 1 |0 (RuTPU)RU\TPU\book\285541  |y 978-5-9916-4182-1  |t Электроника и схемотехника  |o учебник для академического бакалавриата  |f О. П. Новожилов  |g Московский государственный индустриальный университет (МГИУ)  |v Т. 2  |d 2015  |s Бакалавр. Академический курс 
606 1 |a Электроника  |2 stltpush  |3 (RuTPU)RU\TPU\subj\20310  |9 45419 
610 1 |a цифровые устройства 
610 1 |a схемотехника 
610 1 |a комбинационные устройства 
610 1 |a последовательностные устройства 
610 1 |a полупроводниковые запоминающие устройства 
610 1 |a программируемые матричные устройства 
610 1 |a аналого-цифровые устройства 
610 1 |a аналоговые сигналы 
610 1 |a дискретная обработка 
610 1 |a АЦП 
610 1 |a ЦАП 
610 1 |a аналого-цифровые преобразователи 
610 1 |a цифро-аналоговые преобразователи 
610 1 |a учебники 
675 |a 621.38(075.8)  |v 3 
801 1 |a RU  |b 63413507  |c 20141117 
801 2 |a RU  |b 63413507  |c 20150611  |g RCR 
942 |c BK 
959 |a 129/20140919  |d 5  |e 1399,00  |f ЧЗТЛ:1  |f АНЛ:1  |f УФ:3